000 01781cam a22002294a 4500
005 20250605164240.0
008 250528s ||||||||||||||||||||||||d
035 _a21286
020 _a9789600225020
040 _aGR-AtMCL
_bgre
_dGR-AtMCL
_eAACR2
245 1 _aΚλινική Ψυχολογία και Ψυχολογία της Υγείας / Έρευνα και Πρακτική
260 _bΠαπαζήση,
_c2010
300 _a536
520 _aΣτόχος της παρούσας έκδοσης είναι να διαφανεί το περιεχόμενο της Κλινικής Ψυχολογίας και της Ψυχολογίας της Υγείας, ο ρόλος τους καθώς και οι πολλαπλές ερευνητικές και κλινικές εφαρμογές που αναπτύσσονται στον ευρύτερο χώρο της Υγείας και της Κοινότητας. Κλινική Ψυχολογία, Η Κλινική Ψυχολογία στην Ελλάδα: Επιστημονική Ταυτότητα, Ψυχοθεραπεία: Θεωρητικές Προσεγγίσεις και Προβληματισμοί, Ψυχική Υγεία Παιδιών και Εφήβων, Ψυχική Υγεία Νεαρών Ενηλίκων, Οικογένεια και Κοινότητα, Ψυχολογία της Υγείας, Χρόνιες Ασθένειες, Ασθενείς - Κοινότητα, Ασθενείς - Νοσοκομείο.
700 1 _aΚουλιεράκης Γεώργιος
_97326
700 1 _aΠασχάλη Αντωνία
_97327
700 1 _aΡότσικα Βασιλική
_97328
700 1 _aΤζινιέρη-Κοκκώση Μαρία
_97329
942 _cBK
999 _c6351
_d6351